The very best of Tad Williams.

The Very Best of Tad Williams collects Williams' finest work in multiple genres, including epic fantasy, urban fantasy and Young adult. These superlative tales, many of which were previously available only in limited editions, introduce dragons, wizards, assassins, heroes and fools, even a few...

Full description

Bibliographic Details
Main Author: Williams, Tad (Author)
Format: Book
Language:English
Published: San Francisco : Tachyon Publications, [2014]
Edition:First edition.
Subjects:

MARC

Tag First Indicator Second Indicator Subfields
LEADER 00000cam a2200000Ii 4500
001 in00003479430
005 20151206101657.0
008 130425t20142014cau 000 m eng d
020 |a 9781616961374 (paperback) :  |c $15.95 
020 |a 1616961376 (paperback) :  |c $15.95 
035 |a (OCoLC)ocn840465266 
040 |a BTCTA  |e rda  |c BTCTA  |d BDX  |d OCP  |d TXA  |d UtOrBLW 
049 |a TXAM 
082 0 |a 813/.54  |2 23 
090 |a PS3573.I45563  |b A4 2014 
100 1 |a Williams, Tad,  |e author. 
245 1 4 |a The very best of Tad Williams. 
250 |a First edition. 
264 1 |a San Francisco :  |b Tachyon Publications,  |c [2014] 
264 4 |c ©2014 
300 |a xiii, 415 pages ;  |c 23 cm. 
336 |a text  |b txt  |2 rdacontent 
337 |a unmediated  |b n  |2 rdamedia 
338 |a volume  |b nc  |2 rdacarrier 
505 0 0 |t Introduction --  |t The old scale game --  |t The storm door --  |t The stranger's hands --  |t Child of an ancient city --  |t The boy detective of Oz: an Otherland story --  |t Three duets for virgin and nosehorn --  |t Not with a whimper, either --  |t Some thoughts re: dark destructor --  |t Z is for ... --  |t Monsieur Vergalant's canard --  |t The stuff that dreams are made of --  |t A fish between three friends --  |t Every fuzzy beast of the earth, every pink fowl of the air --  |t A stark and wormy knight --  |t Omnitron, what ho! --  |t Black sunshine --  |t And ministers of grace. 
520 |a The Very Best of Tad Williams collects Williams' finest work in multiple genres, including epic fantasy, urban fantasy and Young adult. These superlative tales, many of which were previously available only in limited editions, introduce dragons, wizards, assassins, heroes and fools, even a few cyberpunks. 
655 7 |a Short stories.  |2 lcgft 
655 7 |a Science fiction.  |2 lcgft 
655 7 |a Fantasy fiction.  |2 lcgft 
945 |a PromptCat 
948 |a cataloged  |b h  |c 2014/6/16  |d c  |e dmitchel  |f 11:10:20 am 
994 |a C0  |b TXA 
999 |a MARS 
999 f f |s 797dd709-cb92-3ceb-9fd5-29fe83d4e6cc  |i 9354a96c-a869-3c3b-8ff1-b62ac2d3a16f  |t 0 
952 f f |p noncirc  |a Texas A&M University  |b J.J. Pickle Campus  |c High Density Repository  |d Remote Storage  |t 0  |e PS3573.I45563 A4 2014  |h Library of Congress classification  |i unmediated -- volume  |m A14840708093 
998 f f |a PS3573.I45563 A4 2014  |t 0  |l Remote Storage